Actors who worked with David Leitch - Statistics

General Stats
  • This quiz has been taken 12 times
  • The average score is 22 of 48
Answer Stats
Film(s) Answer % Correct
Bullet Train, The Fall Guy Aaron Taylor-Johnson
100%
Deadpool 2, Bullet Train Brad Pitt
100%
Atomic Blonde Charlize Theron
100%
Deadpool 2, Hobbs & Shaw, Bullet Train Ryan Reynolds
100%
The Fall Guy Emily Blunt
88%
Deadpool 2 Josh Brolin
88%
The Fall Guy Ryan Gosling
88%
Hobbs & Shaw Dwayne Johnson
75%
Hobbs & Shaw Jason Statham
75%
Bullet Train Joey King
75%
Bullet Train Michael Shannon
75%
Bullet Train Sandra Bullock
75%
Hobbs & Shaw Idris Elba
63%
Atomic Blonde James McAvoy
63%
Atomic Blonde John Goodman
63%
Bullet Train Logan Lerman
63%
Deadpool 2 T.J. Miller
63%
Deadpool 2, Bullet Train Zazie Beetz
63%
Bullet Train Brian Tyree Henry
50%
The Fall Guy Hannah Waddingham
50%
Hobbs & Shaw Kevin Hart
50%
Deadpool 2 Morena Baccarin
50%
Atomic Blonde Sofia Boutella
50%
Hobbs & Shaw Vanessa Kirby
50%
The Fall Guy Winston Duke
50%
Atomic Blonde, Deadpool 2 Bill Skarsgård
38%
Atomic Blonde, Deadpool 2, Hobbs & Shaw Eddie Marsan
38%
Hobbs & Shaw Helen Mirren
38%
Bullet Train Hiroyuki Sanada
38%
Atomic Blonde Toby Jones
38%
Bullet Train Andrew Koji
25%
Bullet Train Channing Tatum
25%
Deadpool 2 Rob Delaney
25%
The Fall Guy Stephanie Hsu
25%
The Fall Guy Teresa Palmer
25%
Deadpool 2 Terry Crews
25%
Deadpool 2 Brianna Hildebrand
13%
Hobbs & Shaw Cliff Curtis
13%
Deadpool 2 Jack Kesy
13%
The Fall Guy Jason Momoa
13%
Deadpool 2 Julian Dennison
13%
The Fall Guy Lee Majors
13%
Deadpool 2 Lewis Tan
13%
Atomic Blonde Til Schweiger
13%
Bullet Train Benito A. Martínez Ocasio
0%
The Fall Guy Heather Thomas
0%
Atomic Blonde James Faulkner
0%
Bullet Train Masi Oka
0%
No matching quizzes found
Score Distribution
Percent of People with Each Score
Percentile by Number Answered
Your Score History
You have not taken this quiz